Estatísticas para Química Orgânica 1 - Introdução a Química Orgânica

Clique aqui para jogar o quiz

Estatísticas Gerais

  • Esse quiz foi jogado 15 vezes
  • A pontuação média é 5 de 27

Estatísticas das Respostas

PerguntaResposta% Correto
Qual é a definição atual da Química Orgânica?Parte da Química que estuda os compostos de carbono
71%
Quem foi o cientista responsável?August Kekulé
43%
Essa segunda definição foi derrubada por conta de um experimento, qual foi esse?Síntese da Uréia
43%
Forma menos estável do carbono que conduz bem calorDiamante
36%
Forma polimórfica mais estável do Carbono que conduz eletricidadeGrafite
29%
Qual foi o ano da primeira definição?1777
21%
Atrelado a isso, esse cientista também é responsável pelos...?Postulados de Kekulé
21%
Quem foi o primeiro cientista que definiu a Química Orgânica?Robert G. Bergman
21%
Quando foi feita?1828
14%
Em qual ano?1858
14%
o terceiro?Carbono forma cadeias
14%
Qual é o primeiro deles?Carbono Tetravalente
14%
Foi feita a partir de qual composto?Cianato de Amônio
14%
Quem foi o responsável por esse experimento?Friedrich Wöhler
14%
Forma polimórfica do carbono em forma de bolaFulereno
14%
Alótropos do carbono com nanoestrutura cilíndricaNanotubo
14%
Cite um elemento que também tem a ultima caracteristica?Silicio, Boro, Enxofre, Fósforo
14%
Qual foi o ano da segunda definição?1807
7%
Quais são os elementos organógenos mais comuns? (Dica: um acrônimo)CHONPS
7%
Uma das formas cristalinas do carbono conhecida por descrever as folhas de carbonoGrafeno
7%
Quem foi o segundo pesquisador que definiu?Jöns Jacob Berzelius
7%
o segundo?Quatro valências iguais
7%
Qual foi essa definição?Química que estuda os compostos extraídos dos seres vivos
7%
Consistia em que?Compostos orgânicos só poderiam ser sintetizados em organismos vivos
0%
Outro responsável?Le Bel
0%
Qual foi o nome dado?Teoria da Força Vital
0%
Um dos responsáveis pela estrutura tetraédrica do carbono?Van't Hoff
0%

Distribuição das Pontuações

Percentil de Números Respondidos

Porcentagem de Pessoas com Cada Pontuação

Sua Pontuação Histórica

Você não jogou esse quiz